000 01195cam a2200277 4500
001 ne 68002643
003 DLC
005 20260227111844.0
008 930225m19609999ir h b 000 0 ara
010 _ane 68002643
035 _a(CStRLIN)DCLN93-B77
040 _aDLC-R
_cDLC-R
_dDLC
050 0 0 _aBP77.69
_b.A36 1960
066 _c(3
100 1 _6880-01
_aAḥmadī, ʻAlī ibn Ḥusayn-ʻAlī.
245 1 0 _6880-02
_aKitāb makātīb al-Rasūl,
_ctaʼlīf ʻAlī ibn Ḥusayn-ʻAlī al-Aḥmadī.
260 _6880-03
_a[Qumm]
_bMuḥammad Mahdī al-Ḥujjatī wa-Qudrat al-Iskandarī,
_c1379-<[1963?]> [1960-1963?]
300 _av. <1-2 >
_bfacsims.
_c25 cm.
500 _aVol. 2 published by Maktabat al-Muṣṭafawī.
504 _aIncludes bibliographies.
600 0 0 _6880-04
_aMuḥammad,
_cProphet,
_d-632
_xCorrespondence.
880 1 _6100-01/(3/r
_aأحمدي، علي بن حسينعلي.
880 1 0 _6245-02/(3/r
_aكتاب مكاتيب الرسول،
_cتأليف علي بن حسينعلي الأحمدي.
880 _6260-03/(3/r
_a[قم]
_bمحمد مهدي الحجتي وقدرت الاسكندري،
_c[1379-[1382?] [1960-1963?]
880 0 4 _6600-04/(3/r
_aمحمد.
999 _c50570
_d50570